书目信息 |
| 题名: |
化工过程优化
|
|
| 作者: | 何小荣 编著 | |
| 分册: | ||
| 出版信息: | 北京 清华大学出版社 2003 |
|
| 页数: | 374页 | |
| 开本: | 23cm | |
| 丛书名: | ||
| 单 册: | ||
| 中图分类: | TQ021.8 | |
| 科图分类: | ||
| 主题词: | 化工过程 , 最佳化 , 化工过程--最佳化 | |
| 电子资源: | ||
| ISBN: | 7-302-06067-3 | |
| 000 | 00838nam0 2200265 450 | |
| 001 | 070023206410 | |
| 005 | 20051115170940.15 | |
| 010 | @a7-302-06067-3@dCNY31.00 | |
| 092 | @aCN | |
| 100 | @a20050420d2003 ekmy0chiy0120 ea | |
| 101 | 0 | @achi |
| 102 | @aCN@b110000 | |
| 105 | @aa z 000yy | |
| 200 | 1 | @a化工过程优化@9hua gong guo cheng you hua@f何小荣编著@Fhe xiao rong bian zhu |
| 210 | @a北京@c清华大学出版社@d2003 | |
| 215 | @a374页@c图@d23cm | |
| 330 | @a本书从化工中经常遇到的几种不同类型的优化问题入手,简明地介绍了优化的基本概念、基本理论,无约束单变量、多变量优化方法和线性规划、约束非线性规划。 | |
| 606 | 0 | @a化工过程 |
| 606 | 0 | @a最佳化 |
| 606 | 0 | @a化工过程@x最佳化 |
| 690 | @aTQ021.8@v4 | |
| 701 | 0 | @a何小荣@Ahe xiao rong@4编著 |
| 801 | 0 | @aCN@bNLC@c20051115 |
| 905 | @a10447@dTQ021.8@e80 | |
| 999 | @aAFJ | |
| 化工过程优化/何小荣编著.-北京:清华大学出版社,2003 |
| 374页:图;23cm |
| ISBN 7-302-06067-3:CNY31.00 |
| 本书从化工中经常遇到的几种不同类型的优化问题入手,简明地介绍了优化的基本概念、基本理论,无约束单变量、多变量优化方法和线性规划、约束非线性规划。 |
| ● |
| 相关链接 |
|
|
|
|
正题名:化工过程优化
索取号:TQ021.8/80
 
预约/预借
| 序号 | 登录号 | 条形码 | 馆藏地/架位号 | 状态 | 备注 |
| 1 | 0367910 | 203679108 | 第二样本阅览室/ [索取号:TQ021.8/80] | 在馆 | |
| 2 | 0367911 | 203679117 | 第三借阅区/ [索取号:TQ021.8/80] | 在馆 | |
| 3 | 0367912 | 203679126 | 第三借阅区/ [索取号:TQ021.8/80] | 在馆 | |
| 4 | 0367913 | 203679135 | 第三借阅区/ [索取号:TQ021.8/80] | 在馆 | |
| 5 | 0367914 | 203679144 | 第三借阅区/ [索取号:TQ021.8/80] | 在馆 |